00531nam a22001697a 450000500170000001000130001702000100003003500130004003700140005308200120006710000310007924500910011024600670020126000340026827000350030230000240033720200131131027.0 aA-773201 c45.00 aA-773201 bBPPD/Pub. a841.08  aمومن محی الدین aفارسی داستان نویسی مختصر باریخ /cمومن محی الدین aFarsi Dastaan Nausi Ki Mukhtasar Tareekh /bby Momin Mahiuddin aDelhibMaktaba Jamiac1994 ء aJamia NagarbNew Delhie110025 a80p.c21cm(Hb)